00498 2200181 4500001002100000005001500021035002000036008004100056245005600097100001800153260005100171300002800222020001500250084001400265082000800279650001500287990001400302INLIS00000000000009520260413042350 a0010-0317000093260413 0 1 aA course in mathematics for students of physics : 1 aBamberg, Paul aCambridge :bCambridge University Press,c1995 axvii, 405 hlm. ;c25 cm a0521406498 a510 Bam c a510 amatematika a141396412